00759nam a2200229Ii 45000010005000000030009000050080041000140200015000550400033000700410008001030820023001111100022001342450035001562640037001913000012002283360026002403370028002663380027002949400050003219990017003719520141003882844CO-ViMGA241108s9999||||xx |||||||||||||| ||und|| a9589042031 aCO-ViMGAbspaerdacCO-ViMGA0 aspa04a350.0009861 - C7181 aColombia [Leyes],10aRégimen del Empleado Oficial 1aBogotá, Colombia : Legis, 1996 avolumen atextbtxt2rdacontent aunmediatedbn2rdamedia avolumebnc2rdacarrier aidficha_siabuc: 2782. -- ficha_no_siabuc:2844 c48186d48186 001040708001aMEVIGERRbMEVIGERRcGENd2006-11-27o350.0009861 - C718pECA764r2024-11-26 09:50:01tEj.1w2024-11-26yBKz2782 | 3829